[Event "Titled Tuesday intern op 26th Nov Late"]
[Site "Chess.com INT"]
[Date "2024.11.26"]
[Round "8"]
[White "Madrigal, Mariano"]
[Black "Travesset Sagre, Jan"]
[Result "1-0"]
[WhiteElo "2165"]
[BlackElo "2330"]
[PlyCount "75"]
[EventDate "2024.11.26"]
[EventType "swiss (blitz)"]
[EventRounds "11"]
[EventCountry "USA"]
[SourceTitle "CB49_2024"]
[SourceDate "2024.12.04"]
[SourceVersion "1"]
[SourceVersionDate "2024.12.04"]
[SourceQuality "1"]

1. e4 g6 2. d4 Bg7 3. Nc3 d6 4. Be3 Nd7 5. Qd2 c6 6. h4 h6 7. h5 g5 8. 0-0-0 b5 9. Kb1 Bb7 10. Nh3 Ngf6 11. f4 b4 12. Ne2 Nxe4 13. Qxb4 Rb8 14. fxg5 c5 15. Qa4 Qb6 16. gxh6 Bf6 17. Qa3 Ba6 18. Nc3 Bxf1 19. Rhxf1 cxd4 20. Nxe4 dxe3 21. Nxf6+ Nxf6 22. Rfe1 Rxh6 23. Nf4 Kf8 24. Rxe3 Nxh5 25. Nd5 Qc5 26. Qxc5 dxc5 27. Rxe7 Rd6 28. Rxa7 Rbd8 29. c4 Nf4 30. Rf1 Nxd5 31. Rfxf7+ Kg8 32. Rg7+ Kf8 33. cxd5 Rxd5 34. a4 Rd4 35. Rh7 Kg8 36. Rag7+ Kf8 37. Rc7 Rb4 38. Rh8# 1-0

[Event "Titled Tuesday intern op 20th Feb Late"]
[Site "Chess.com INT"]
[Date "2024.02.20"]
[Round "9"]
[White "Jelcic, Marko"]
[Black "Madrigal, Mariano"]
[Result "1-0"]
[WhiteElo "2209"]
[BlackElo "2165"]
[PlyCount "77"]
[EventDate "2024.02.20"]
[EventType "swiss (blitz)"]
[EventRounds "11"]
[EventCountry "USA"]
[SourceTitle "EXT 2025"]
[Source "ChessBase"]
[SourceDate "2024.10.14"]
[SourceVersion "1"]
[SourceVersionDate "2024.10.14"]
[SourceQuality "1"]

1. d4 Nf6 2. c4 e6 3. Nc3 Bb4 4. Bd2 0-0 5. Nf3 d6 6. e3 Nbd7 7. Bd3 e5 8. dxe5 dxe5 9. Bc2 Qe7 10. a3 Bxc3 11. Bxc3 b6 12. 0-0 Bb7 13. Qe2 Rad8 14. Rad1 Rfe8 15. b4 h6 16. Rd2 Bxf3 17. Qxf3 e4 18. Qe2 Ne5 19. Rfd1 Rxd2 20. Rxd2 Qe6 21. Bxe5 Qxe5 22. Rd4 c5 23. Rd2 Qc3 24. bxc5 bxc5 25. a4 Rb8 26. h3 Rb4 27. Qd1 Rxc4 28. Rd8+ Kh7 29. Bb3 Rb4 30. Bxf7 Rb2 31. h4 Rc2 32. h5 Nxh5 33. Qxh5 Qf6 34. Bg8+ Kh8 35. Bb3+ Qxd8 36. Bxc2 Qe7 37. Qf5 Kg8 38. Qxe4 Qd6 39. Qe8+ 1-0

[Event "Titled Tuesday intern op 20th Feb Late"]
[Site "Chess.com INT"]
[Date "2024.02.20"]
[Round "11"]
[White "Madrigal, Mariano"]
[Black "Ardila, Oscar Humberto"]
[Result "1/2-1/2"]
[WhiteElo "2165"]
[BlackElo "1952"]
[PlyCount "124"]
[EventDate "2024.02.20"]
[EventType "swiss (blitz)"]
[EventRounds "11"]
[EventCountry "USA"]
[SourceTitle "EXT 2025"]
[Source "ChessBase"]
[SourceDate "2024.10.14"]
[SourceVersion "1"]
[SourceVersionDate "2024.10.14"]
[SourceQuality "1"]

1. e4 e5 2. Nf3 Nf6 3. Nxe5 d6 4. Nf3 Nxe4 5. Nc3 Nxc3 6. dxc3 Be7 7. Bd3 0-0 8. Be3 Nd7 9. Qd2 Nf6 10. 0-0-0 c5 11. h4 b5 12. h5 Qa5 13. Kb1 Be6 14. b3 Nd5 15. Bxh7+ Kxh7 16. Qd3+ Kg8 17. Bd2 c4 18. Qe4 Nxc3+ 19. Bxc3 Qxc3 20. h6 Bf6 21. Nd4 Bxd4 22. Rxd4 cxb3 23. axb3 Bxb3 24. hxg7 Bxc2+ 25. Qxc2 Qxc2+ 26. Kxc2 Kxg7 27. Rg4+ Kf6 28. Rh6+ Ke7 29. Re4+ Kd7 30. Rd4 f6 31. Rh7+ Kc6 32. g4 Rae8 33. f4 Re2+ 34. Kd3 Rfe8 35. Rh3 Kc5 36. Rh5+ Kc6 37. Rh3 a5 38. g5 fxg5 39. fxg5 Rg2 40. Rh6 Rd8 41. g6 Rg3+ 42. Kc2 Kc5 43. Rf4 b4 44. Rf5+ d5 45. Rf7 Rg8 46. Rc7+ Kb6 47. Rd7 R8xg6 48. Rxg6+ Rxg6 49. Rxd5 Rg3 50. Kb2 a4 51. Rh5 Rg2+ 52. Kb1 Rd2 53. Rg5 b3 54. Kc1 Rc2+ 55. Kb1 Rc5 56. Rg4 Kb5 57. Kb2 Rc2+ 58. Kb1 a3 59. Rg3 Kb4 60. Rg4+ Rc4 61. Rg3 b2 62. Rxa3 Kxa3 1/2-1/2

[Event "Cappelle Online Bullet op"]
[Site "Europe Echecs INT"]
[Date "2021.03.05"]
[Round "10"]
[White "Madrigal, Mariano"]
[Black "Buksa, Nataliya"]
[Result "1/2-1/2"]
[WhiteElo "2165"]
[BlackElo "2419"]
[PlyCount "114"]
[EventDate "2021.03.05"]
[EventType "swiss (blitz)"]
[EventRounds "15"]
[EventCountry "FRA"]
[SourceTitle "EXT 2022"]
[Source "ChessBase"]
[SourceDate "2021.10.06"]
[SourceVersion "1"]
[SourceVersionDate "2021.10.06"]
[SourceQuality "1"]

1. e4 c5 2. Nf3 Nc6 3. Bb5 g6 4. Bxc6 dxc6 5. d3 Bg7 6. h3 Nf6 7. 0-0 Nd7 8. Nc3 e5 9. Be3 b6 10. Qd2 Nf8 11. Nh2 Ne6 12. Bh6 Bf6 13. Rae1 g5 14. Ng4 Rg8 15. Ne2 Rg6 16. Ng3 Nf4 17. Nf5 Be6 18. Kh2 Qd7 19. g3 Nh5 20. Nxf6+ Rxf6 21. Bxg5 Rg6 22. f4 Kf8 23. fxe5 Kg8 24. g4 Ng7 25. Nh6+ Rxh6 26. Bxh6 Qe7 27. Qg5 Qxg5 28. Bxg5 Ne8 29. b3 a5 30. Bf6 b5 31. c3 a4 32. d4 axb3 33. axb3 Ra2+ 34. Kg3 cxd4 35. Ra1 Bxb3 36. Rxa2 Bxa2 37. Ra1 Nxf6 38. exf6 dxc3 39. Rxa2 h6 40. Ra8+ Kh7 41. Rc8 Kg6 42. Rxc6 b4 43. Rc4 b3 44. Rxc3 b2 45. Rb3 Kxf6 46. Rxb2 Ke5 47. Rb5+ Kxe4 48. Rh5 f6 49. Rxh6 Ke5 50. Rxf6 Kxf6 51. h4 Kg6 52. h5+ Kh6 53. Kh3 Kg5 54. Kg3 Kf6 55. Kh4 Kg7 56. g5 Kf7 57. h6 Ke6 1/2-1/2

[Event "Cappelle Online Bullet op"]
[Site "Europe Echecs INT"]
[Date "2021.03.05"]
[Round "6"]
[White "Madrigal, Mariano"]
[Black "Levannier Gouel, Marius"]
[Result "0-1"]
[WhiteElo "2165"]
[BlackElo "1676"]
[PlyCount "108"]
[EventDate "2021.03.05"]
[EventType "swiss (blitz)"]
[EventRounds "15"]
[EventCountry "FRA"]
[SourceTitle "EXT 2022"]
[Source "ChessBase"]
[SourceDate "2021.10.06"]
[SourceVersion "1"]
[SourceVersionDate "2021.10.06"]
[SourceQuality "1"]

1. e4 c5 2. Nf3 Nc6 3. Bb5 g6 4. Bxc6 dxc6 5. d3 Bg7 6. h3 Nf6 7. Nc3 0-0 8. Be3 Nd7 9. Qd2 b6 10. 0-0 e5 11. Nh2 Qe7 12. Bh6 Re8 13. Bxg7 Kxg7 14. f4 Nf8 15. f5 f6 16. fxg6 hxg6 17. Kh1 Ne6 18. Rf2 Nf4 19. Raf1 Rh8 20. Ne2 Nxe2 21. Qxe2 Be6 22. Qf3 Raf8 23. Ng4 Bxg4 24. Qxg4 Qf7 25. b3 b5 26. Rf3 a5 27. a4 bxa4 28. bxa4 c4 29. Rb1 cxd3 30. Rxd3 Re8 31. Rd7 Re7 32. Rbb7 Rhe8 33. c4 Rxd7 34. Rxd7 Re7 35. Rxe7 Qxe7 36. Qc8 Qf7 37. Qxc6 Qe7 38. Qd5 Qa3 39. Qd7+ Kh6 40. Kh2 Qe3 41. Qd1 Qf4+ 42. Kh1 Qg3 43. Qf3 Qg5 44. Kh2 Qc1 45. g3 Qg5 46. Kg2 Qd2+ 47. Qf2 Qd4 48. h4 Qxc4 49. Qe3+ Kg7 50. Kh3 Qc2 51. Qa7+ Kh6 52. Qxa5 Kg7 53. Qc7+ Kh6 54. Qxc2 Kg7 0-1

[Event "Cappelle Online Bullet op"]
[Site "Europe Echecs INT"]
[Date "2021.03.05"]
[Round "15"]
[White "Mar, Karmen"]
[Black "Madrigal, Mariano"]
[Result "0-1"]
[WhiteElo "2093"]
[BlackElo "2165"]
[PlyCount "108"]
[EventDate "2021.03.05"]
[EventType "swiss (blitz)"]
[EventRounds "15"]
[EventCountry "FRA"]
[SourceTitle "EXT 2022"]
[Source "ChessBase"]
[SourceDate "2021.10.06"]
[SourceVersion "1"]
[SourceVersionDate "2021.10.06"]
[SourceQuality "1"]

1. e4 c5 2. Nf3 Nc6 3. Bb5 g6 4. Bxc6 bxc6 5. 0-0 Bg7 6. Re1 Nh6 7. d3 0-0 8. Be3 d6 9. h3 f5 10. Qd2 Nf7 11. Na3 Bxb2 12. Nc4 Bg7 13. Rab1 e5 14. exf5 gxf5 15. Qc1 f4 16. Bd2 Be6 17. Bc3 Bxc4 18. dxc4 Rb8 19. Nd2 Rxb1 20. Qxb1 Ng5 21. Ne4 Ne6 22. Rd1 Nd4 23. Bxd4 cxd4 24. Qb4 d5 25. cxd5 cxd5 26. Nc5 f3 27. Ne6 Qf6 28. Nxf8 Bxf8 29. gxf3 Qxf3 30. Qd2 Bh6 31. Qxh6 Qxd1+ 32. Kg2 Qxc2 33. Qg5+ Qg6 34. h4 Qxg5+ 35. hxg5 e4 36. Kf1 d3 37. Ke1 Kg7 38. Kd2 Kg6 39. Ke3 Kxg5 40. a4 Kf5 41. a5 Ke5 42. a6 h5 43. Kd2 h4 44. Ke3 h3 45. Kd2 Kd4 46. f4 e3+ 47. Ke1 Ke4 48. Kf1 Kxf4 49. Kg1 Kf3 50. Kh2 Kg4 51. Kg1 Kg3 52. Kh1 d4 53. Kg1 d2 54. Kf1 d1Q# 0-1

[Event "Cappelle Online Bullet op"]
[Site "Europe Echecs INT"]
[Date "2021.03.05"]
[Round "3"]
[White "Pallas Moragues, Gerard"]
[Black "Madrigal, Mariano"]
[Result "0-1"]
[WhiteElo "1647"]
[BlackElo "2165"]
[PlyCount "94"]
[EventDate "2021.03.05"]
[EventType "swiss (blitz)"]
[EventRounds "15"]
[EventCountry "FRA"]
[SourceTitle "EXT 2022"]
[Source "ChessBase"]
[SourceDate "2021.10.06"]
[SourceVersion "1"]
[SourceVersionDate "2021.10.06"]
[SourceQuality "1"]

1. e3 Nf6 2. Qe2 g6 3. Nf3 Bg7 4. g3 d6 5. d3 0-0 6. c3 c5 7. Nbd2 Nc6 8. Nd4 a6 9. Nxc6 bxc6 10. b3 Bd7 11. Bb2 Rb8 12. Rb1 a5 13. f3 a4 14. g4 axb3 15. axb3 d5 16. h4 h5 17. g5 Ne8 18. f4 e5 19. e4 exf4 20. Qf3 dxe4 21. dxe4 Nd6 22. Bc4 Nxc4 23. bxc4 Re8 24. Ba3 Bg4 25. Rxb8 Qxb8 26. Qf2 f3 27. Nxf3 Qf4 28. Kf1 Rxe4 29. Rg1 Bxf3 30. Rg3 Re3 31. Rxf3 Rxf3 32. Qxf3 Qxf3+ 33. Ke1 Qxc3+ 34. Ke2 Qxa3 35. Kf2 Qb4 36. Kf3 Qxc4 37. Ke3 Qg4 38. Kd2 Qxh4 39. Kc2 Qxg5 40. Kb3 Qf4 41. Ka3 Qd4 42. Kb3 c4+ 43. Kc2 c3 44. Kb3 c2 45. Ka3 Qb2+ 46. Ka4 c1Q 47. Ka5 Qca1# 0-1

[Event "Cappelle Online Bullet op"]
[Site "Europe Echecs INT"]
[Date "2021.03.05"]
[Round "5"]
[White "Vine, Guillaume"]
[Black "Madrigal, Mariano"]
[Result "1-0"]
[WhiteElo "1810"]
[BlackElo "2165"]
[PlyCount "127"]
[EventDate "2021.03.05"]
[EventType "swiss (blitz)"]
[EventRounds "15"]
[EventCountry "FRA"]
[SourceTitle "EXT 2022"]
[Source "ChessBase"]
[SourceDate "2021.10.06"]
[SourceVersion "1"]
[SourceVersionDate "2021.10.06"]
[SourceQuality "1"]

1. d4 Nf6 2. Nf3 b6 3. c4 Bb7 4. Nc3 d5 5. e3 g6 6. cxd5 Nxd5 7. Bc4 Nxc3 8. bxc3 Bg7 9. 0-0 0-0 10. Re1 Nd7 11. e4 c5 12. d5 Bxc3 13. Bh6 Bg7 14. Bxg7 Kxg7 15. Qd2 Qc7 16. Rad1 Ne5 17. Bb3 Nxf3+ 18. gxf3 Qe5 19. d6 exd6 20. Qxd6 Qxd6 21. Rxd6 Rad8 22. Red1 Rxd6 23. Rxd6 Bc8 24. Rc6 Rd8 25. Rc7 Bd7 26. Bd5 b5 27. Rxa7 c4 28. Rb7 Kf6 29. Rc7 Be6 30. Kf1 Bxd5 31. exd5 Rxd5 32. Ke2 Rd3 33. Rc5 Ra3 34. Rxb5 Rxa2+ 35. Ke3 c3 36. Rc5 c2 37. Kf4 Kg7 38. Kg3 Ra4 39. Rxc2 h5 40. Re2 h4+ 41. Kg2 f5 42. Re3 Kf6 43. Rb3 Kg5 44. Rc3 Kf4 45. Rb3 h3+ 46. Kf1 Ra8 47. Ke2 Rd8 48. Re3 Re8 49. Rxe8 Kg5 50. Re3 Kf4 51. Rb3 Kg5 52. Rb4 f4 53. Rb6 Kh4 54. Rb5 g5 55. Rb8 Kh5 56. Rh8+ Kg6 57. Rxh3 Kf5 58. Rg3 Ke6 59. Rg4 Kf6 60. h4 Kf5 61. hxg5 Kg6 62. Rxf4 Kh5 63. Re4 Kxg5 64. f4+ 1-0

[Event "Cappelle op 32nd"]
[Site "Cappelle la Grande"]
[Date "2016.02.16"]
[Round "5"]
[White "Madrigal, Mariano"]
[Black "Ider, Borya"]
[Result "0-1"]
[WhiteElo "2180"]
[BlackElo "2478"]
[PlyCount "100"]
[EventDate "2016.02.13"]
[EventType "swiss"]
[EventRounds "9"]
[EventCountry "FRA"]
[SourceTitle "EXT 2017"]
[Source "ChessBase"]
[SourceDate "2016.10.25"]
[SourceVersion "1"]
[SourceVersionDate "2016.10.25"]
[SourceQuality "1"]

1. e4 e6 2. d4 d5 3. Nc3 Nf6 4. e5 Ne4 5. a3 c5 6. Nxe4 dxe4 7. Bb5+ Bd7 8. Bxd7+ Qxd7 9. c3 Nc6 10. Ne2 f5 11. Be3 Be7 12. h4 0-0-0 13. b4 cxd4 14. cxd4 Kb8 15. b5 Na5 16. Qa4 b6 17. Bd2 Nb7 18. g3 Nc5 19. Qc2 Nd3+ 20. Kf1 Qd5 21. Qa2 Kb7 22. Be3 Qxa2 23. Rxa2 Rd5 24. Nc3 Rd7 25. Kg2 Rc8 26. Ne2 Rd5 27. a4 Rc4 28. Rb1 Bb4 29. h5 a6 30. bxa6+ Kxa6 31. h6 g6 32. Kh3 Bf8 33. Rb5 Rd7 34. Nf4 Nxf4+ 35. Bxf4 Rb4 36. Rxb4 Bxb4 37. Rc2 Kb7 38. Be3 Rc7 39. Rb2 Rc4 40. Rb3 Kc6 41. g4 Ba5 42. gxf5 gxf5 43. Ra3 Rc3 44. Rxc3+ Bxc3 45. Kh4 Kd5 46. Kg5 Bxd4 47. Kf6 Bxe3 48. fxe3 f4 49. a5 bxa5 50. Kg7 fxe3 0-1

[Event "Cappelle op 32nd"]
[Site "Cappelle la Grande"]
[Date "2016.02.15"]
[Round "3"]
[White "Madrigal, Mariano"]
[Black "Song, Michael"]
[Result "0-1"]
[WhiteElo "2180"]
[BlackElo "2376"]
[PlyCount "64"]
[EventDate "2016.02.13"]
[EventType "swiss"]
[EventRounds "9"]
[EventCountry "FRA"]
[SourceTitle "EXT 2017"]
[Source "ChessBase"]
[SourceDate "2016.10.25"]
[SourceVersion "1"]
[SourceVersionDate "2016.10.25"]
[SourceQuality "1"]

1. e4 c5 2. Nf3 e6 3. d4 cxd4 4. Nxd4 Nc6 5. Nc3 Qc7 6. Be3 a6 7. Qf3 Ne5 8. Qg3 d6 9. f4 Nd7 10. 0-0-0 Ngf6 11. f5 e5 12. Nb3 b5 13. Be2 Bb7 14. Bf3 Nb6 15. Bxb6 Qxb6 16. Nd5 Bxd5 17. exd5 g6 18. fxg6 hxg6 19. Rhe1 Bh6+ 20. Kb1 Kf8 21. Qh4 Kg7 22. Qb4 a5 23. Qc3 a4 24. Nc1 Rhc8 25. Qd3 a3 26. b3 b4 27. Ne2 Rc5 28. c4 bxc3 29. Nxc3 Qb4 30. Ne4 Nxe4 31. Rxe4 Rac8 32. Ree1 Qxe1 0-1

[Event "Cappelle op 32nd"]
[Site "Cappelle la Grande"]
[Date "2016.02.13"]
[Round "1"]
[White "Madrigal, Mariano"]
[Black "Bauwe, Pascal"]
[Result "1-0"]
[WhiteElo "2180"]
[BlackElo "1975"]
[PlyCount "67"]
[EventDate "2016.02.13"]
[EventType "swiss"]
[EventRounds "9"]
[EventCountry "FRA"]
[SourceTitle "EXT 2017"]
[Source "ChessBase"]
[SourceDate "2016.10.25"]
[SourceVersion "1"]
[SourceVersionDate "2016.10.25"]
[SourceQuality "1"]

1. e4 e6 2. d4 d5 3. Nc3 Nf6 4. e5 Nfd7 5. f4 c5 6. Nf3 a6 7. Be3 b5 8. Qd2 b4 9. Nd1 Qb6 10. c4 bxc3 11. bxc3 Nc6 12. Be2 cxd4 13. Nxd4 Bc5 14. 0-0 0-0 15. Kh1 Ndb8 16. Bd3 g6 17. Rb1 Qa7 18. Qf2 Nxd4 19. cxd4 Bb6 20. f5 exf5 21. Nc3 Be6 22. Na4 Bd8 23. Nc5 Qe7 24. Rb7 Qh4 25. Qxh4 Bxh4 26. Nxe6 fxe6 27. Rc1 Bd8 28. Bd2 a5 29. Rc8 Be7 30. Rcc7 Rf7 31. Rxe7 Rxe7 32. Rxe7 Nc6 33. Rxe6 Nxd4 34. Rd6 1-0

[Event "Olympiad-41"]
[Site "Tromsoe"]
[Date "2014.08.05"]
[Round "4.4"]
[White "Madrigal, Mariano"]
[Black "Nielsen, Hogni Egilstoft"]
[Result "1/2-1/2"]
[WhiteElo "2156"]
[BlackElo "2256"]
[PlyCount "123"]
[EventDate "2014.08.02"]
[EventType "team-swiss"]
[EventRounds "11"]
[EventCountry "NOR"]
[SourceTitle "CBM 162"]
[Source "ChessBase"]
[SourceDate "2014.09.17"]
[SourceVersion "1"]
[SourceVersionDate "2014.09.17"]
[SourceQuality "1"]
[WhiteTeam "Nicaragua"]
[BlackTeam "Faroe Islands"]
[WhiteTeamCountry "NCA"]
[BlackTeamCountry "FAI"]

1. e4 e5 2. Nf3 Nc6 3. Bb5 a6 4. Ba4 Nf6 5. d3 b5 6. Bb3 Be7 7. Nbd2 d6 8. c3 0-0 9. Nf1 Be6 10. Ng3 Qd7 11. 0-0 a5 12. a4 b4 13. d4 exd4 14. cxd4 Bg4 15. Be3 d5 16. e5 Ne4 17. Qc1 Nxg3 18. fxg3 Nd8 19. Qd2 Ne6 20. Rac1 Bh5 21. Ne1 Bg6 22. Nd3 Rac8 23. Nf4 Be4 24. Bd1 Nxf4 25. Rxf4 b3 26. Bg4 Qxa4 27. Bxc8 Rxc8 28. Rff1 Bb4 29. Qf2 Qd7 30. Bd2 Bd3 31. Rfe1 Qb5 32. Bxb4 Qxb4 33. Qe3 Be4 34. Qc3 Qb5 35. h4 a4 36. Ra1 c5 37. dxc5 h6 38. Qd4 Qxc5 39. Qxc5 Rxc5 40. Rxa4 Rc2 41. Raxe4 dxe4 42. Rxe4 Rxb2 43. Rb4 Kf8 44. Rb7 Rb1+ 45. Kf2 b2 46. g4 Ke8 47. Kg3 Kd8 48. Rb4 Kd7 49. Rb6 Kc7 50. Rb5 Kc6 51. Rb8 Kd5 52. Rb5+ Ke4 53. Rb4+ Kxe5 54. Rb5+ Kd4 55. Rb8 Ke3 56. Re8+ Kd3 57. Rd8+ Ke2 58. Rb8 Kf1 59. Kh2 Kf2 60. Rb7 f6 61. h5 Ke3 62. Kg3 1/2-1/2

[Event "Olympiad-41"]
[Site "Tromsoe"]
[Date "2014.08.02"]
[Round "1.4"]
[White "Kantans, Toms"]
[Black "Madrigal, Mariano"]
[Result "0-1"]
[WhiteElo "2496"]
[BlackElo "2156"]
[PlyCount "52"]
[EventDate "2014.08.02"]
[EventType "team-swiss"]
[EventRounds "11"]
[EventCountry "NOR"]
[SourceTitle "CBM 162"]
[Source "ChessBase"]
[SourceDate "2014.09.17"]
[SourceVersion "1"]
[SourceVersionDate "2014.09.17"]
[SourceQuality "1"]
[WhiteTeam "Latvia"]
[BlackTeam "Nicaragua"]
[WhiteTeamCountry "LAT"]
[BlackTeamCountry "NCA"]

1. e4 c5 2. Nf3 Nc6 3. d4 cxd4 4. Nxd4 g6 5. Nc3 Bg7 6. Be3 Nf6 7. Bc4 Qa5 8. 0-0 0-0 9. Bb3 d6 10. h3 Bd7 11. Re1 Rac8 12. Nf3 Qa6 13. Bg5 Rfd8 14. Nd5 Re8 15. Nxf6+ exf6 16. Qxd6 Be6 17. Be3 Red8 18. Qg3 Bxb3 19. axb3 Qb5 20. Rad1 f5 21. Qh4 Re8 22. exf5 Qxf5 23. c3 a6 24. b4 Re4 25. Qg5 Qe6 26. Qa5 Nxa5 0-1

[Event "Capablanca Memorial op 49th"]
[Site "Havana"]
[Date "2014.05.10"]
[Round "3"]
[White "Madrigal, Mariano"]
[Black "Perera Alfonso, Rene Humberto"]
[Result "1/2-1/2"]
[WhiteElo "2190"]
[BlackElo "2302"]
[PlyCount "148"]
[EventDate "2014.04.08"]
[EventType "swiss"]
[EventRounds "10"]
[EventCountry "CUB"]
[SourceTitle "CBM 160 Extra"]
[Source "ChessBase"]
[SourceDate "2014.07.01"]
[SourceVersion "1"]
[SourceVersionDate "2014.07.01"]
[SourceQuality "1"]

1. e4 c5 2. Nf3 d6 3. Bb5+ Nd7 4. c3 Ngf6 5. Qe2 a6 6. Ba4 b5 7. Bc2 e5 8. 0-0 Be7 9. Rd1 0-0 10. d3 Bb7 11. Nbd2 Re8 12. Nf1 Bf8 13. Ng3 g6 14. h3 Rc8 15. a4 d5 16. Bb3 Qc7 17. Bd2 h6 18. axb5 axb5 19. Rdc1 c4 20. Bc2 Nc5 21. dxc4 bxc4 22. exd5 e4 23. Nd4 Nd3 24. Rcb1 Nxd5 25. Nf1 e3 26. Nxe3 N5f4 27. Qg4 h5 28. Qg3 Bd6 29. Bxd3 Ne2+ 30. Bxe2 Bxg3 31. fxg3 Qxg3 32. Bf3 Bxf3 33. Nxf3 Red8 34. Nf1 Qb8 35. Be3 Rd3 36. Bd4 Qf4 37. Re1 Rd8 38. Ra5 Qb8 39. Rae5 R3xd4 40. Nxd4 Qxb2 41. Re8+ Rxe8 42. Rxe8+ Kg7 43. Re3 f5 44. Ne6+ Kf6 45. Nf4 h4 46. Ne6 g5 47. Nd4 g4 48. hxg4 fxg4 49. Re6+ Kg5 50. Re3 Qa1 51. Ne6+ Kf6 52. Nd4 Qa7 53. Re6+ Kg5 54. Re3 g3 55. Ne6+ Kg4 56. Nd4 Qa1 57. Re4+ Kh5 58. Re5+ Kg6 59. Re6+ Kg5 60. Re3 Kf4 61. Ne2+ Kg4 62. Nd4 Qb2 63. Rf3 Qc1 64. Ne2 Qa1 65. Nd4 Qb2 66. Ne3+ Kh5 67. Nf1 Qa2 68. Rf5+ Kg6 69. Rf3 Qb1 70. Ne2 Qe1 71. Nd4 Kh5 72. Rf5+ Kg4 73. Rf6 Kg5 74. Rf5+ Kg4 1/2-1/2

[Event "Managua Sub zt 2.3"]
[Site "Managua"]
[Date "2014.05.01"]
[Round "7"]
[White "Davila, Carlos"]
[Black "Madrigal, Mariano"]
[Result "1/2-1/2"]
[WhiteElo "2313"]
[BlackElo "2180"]
[PlyCount "159"]
[EventDate "2014.04.27"]
[EventType "swiss"]
[EventRounds "9"]
[EventCountry "NCA"]
[SourceTitle "EXT 2015"]
[Source "ChessBase"]
[SourceDate "2014.11.20"]
[SourceVersion "1"]
[SourceVersionDate "2014.11.20"]
[SourceQuality "1"]

1. e4 c5 2. Nf3 Nc6 3. Bb5 g6 4. Nc3 Bg7 5. 0-0 e5 6. d3 Nge7 7. Bg5 h6 8. Be3 Nd4 9. Bc4 0-0 10. Nd2 d6 11. f4 exf4 12. Bxf4 Nec6 13. h3 Ne5 14. a4 Be6 15. Nd5 a6 16. c3 Ndc6 17. Nf3 Kh7 18. Qd2 Rb8 19. Ba2 b5 20. axb5 axb5 21. Nxe5 Nxe5 22. b4 Rc8 23. Kh1 Qh4 24. Nb6 Rcd8 25. d4 Bxa2 26. dxe5 dxe5 27. Nd7 Be6 28. Nxf8+ Bxf8 29. Bg3 Rxd2 30. Bxh4 cxb4 31. Ra8 Bg7 32. cxb4 Rd4 33. Be7 Rxe4 34. Rd8 Re2 35. Bc5 Bc4 36. Rd7 Kg8 37. Kg1 Ra2 38. Rd8+ Kh7 39. Re1 g5 40. g4 Kg6 41. Rd6+ Kh7 42. Rd7 Kg6 43. Re7 Be6 44. Rd1 Bc4 45. Re8 Rb2 46. Bd6 Re2 47. Bf8 Bf6 48. Rd6 Re1+ 49. Kf2 Rf1+ 50. Kg2 Kh7 51. Rc8 Rf4 52. Rcc6 Bg7 53. Rxh6+ Bxh6 54. Rxh6+ Kg8 55. Be7 Kg7 56. Bxg5 Bd5+ 57. Kg1 Rxb4 58. Rd6 Be6 59. Kf2 Rb3 60. h4 Bxg4 61. Bf6+ Kg6 62. Bxe5+ Be6 63. Rd4 b4 64. Rf4 Rb1 65. Kg3 b3 66. Rf6+ Kh5 67. Rf2 Rg1+ 68. Kf3 Rg4 69. Rh2 Rc4 70. Ke3 Bf5 71. Bb2 Bc2 72. Rg2 Bg6 73. Rh2 Kh6 74. Kf3 Bc2 75. Ke3 Rg4 76. Kd2 f5 77. Rg2 Rxh4 78. Bg7+ Kh5 79. Be5 f4 80. Bf6 1/2-1/2

[Event "Managua Sub zt 2.3"]
[Site "Managua"]
[Date "2014.04.29"]
[Round "5"]
[White "Medina Viana, Ricardo"]
[Black "Madrigal, Mariano"]
[Result "1/2-1/2"]
[WhiteElo "2037"]
[BlackElo "2180"]
[PlyCount "57"]
[EventDate "2014.04.27"]
[EventType "swiss"]
[EventRounds "9"]
[EventCountry "NCA"]
[SourceTitle "EXT 2015"]
[Source "ChessBase"]
[SourceDate "2014.11.20"]
[SourceVersion "1"]
[SourceVersionDate "2014.11.20"]
[SourceQuality "1"]

1. d4 Nf6 2. e3 g6 3. Bd3 d5 4. c3 Bg7 5. Qe2 Nbd7 6. f4 Ne4 7. Nd2 Ndf6 8. Ngf3 Nd6 9. 0-0 0-0 10. Ne5 Bf5 11. Bxf5 Nxf5 12. b4 Nd6 13. a4 c6 14. a5 Qc7 15. Bb2 Nde4 16. Nef3 Qd7 17. Nxe4 Nxe4 18. Nd2 Nd6 19. Qd3 e6 20. Ra2 Rae8 21. Ba3 a6 22. Bc1 Nb5 23. Nb3 f6 24. Nc5 Qe7 25. Raf2 Nd6 26. g3 e5 27. Bd2 e4 28. Qe2 f5 29. Rg2 1/2-1/2

[Event "Managua Sub zt 2.3"]
[Site "Managua"]
[Date "2014.04.28"]
[Round "3"]
[White "De la Cruz, Erick Fernando"]
[Black "Madrigal, Mariano"]
[Result "0-1"]
[WhiteElo "2051"]
[BlackElo "2180"]
[PlyCount "74"]
[EventDate "2014.04.27"]
[EventType "swiss"]
[EventRounds "9"]
[EventCountry "NCA"]
[SourceTitle "EXT 2015"]
[Source "ChessBase"]
[SourceDate "2014.11.20"]
[SourceVersion "1"]
[SourceVersionDate "2014.11.20"]
[SourceQuality "1"]

1. Nf3 Nf6 2. b3 g6 3. Bb2 Bg7 4. e3 0-0 5. c4 c5 6. Be2 Nc6 7. 0-0 d6 8. d4 cxd4 9. Nxd4 Bd7 10. Nd2 Nxd4 11. Bxd4 Bc6 12. Nf3 a6 13. Bb2 Rb8 14. Nd4 Bd7 15. Bf3 Qa5 16. a3 Rfc8 17. b4 Qd8 18. Be2 b5 19. cxb5 axb5 20. Nb3 Be6 21. Na5 Qd7 22. Rc1 Rxc1 23. Qxc1 Rc8 24. Qa1 Bd5 25. Rc1 Rxc1+ 26. Qxc1 h5 27. Qf1 Qf5 28. Bd3 Qg5 29. Bxf6 Bxf6 30. e4 Be6 31. Bc2 h4 32. f4 Bd4+ 33. Kh1 Qf6 34. Bd3 h3 35. Qf3 Qh4 36. g3 Bg4 37. Qf1 Qh5 0-1

[Event "Alajuela op 5th"]
[Site "Alajuela"]
[Date "2014.01.25"]
[Round "8"]
[White "Perez Garcia, Rodney Oscar"]
[Black "Madrigal, Mariano"]
[Result "1/2-1/2"]
[WhiteElo "2367"]
[BlackElo "2178"]
[PlyCount "27"]
[EventDate "2014.01.22"]
[EventType "swiss"]
[EventRounds "9"]
[EventCountry "CRI"]
[SourceTitle "CBM 158 Extra"]
[Source "ChessBase"]
[SourceDate "2014.02.28"]
[SourceVersion "1"]
[SourceVersionDate "2014.02.28"]
[SourceQuality "1"]

1. e4 c5 2. Nf3 Nc6 3. Bb5 g6 4. 0-0 Bg7 5. Re1 e5 6. Bxc6 dxc6 7. d3 Qe7 8. Nbd2 Bg4 9. Nc4 Bxf3 10. Qxf3 Nf6 11. a3 Nd7 12. b4 0-0 13. Rb1 b6 14. Be3 1/2-1/2

[Event "Panama op 3rd"]
[Site "Panama City"]
[Date "2013.11.05"]
[Round "9"]
[White "Arribas Robaina, Maritza"]
[Black "Madrigal, Mariano"]
[Result "1/2-1/2"]
[WhiteElo "2313"]
[BlackElo "2152"]
[PlyCount "48"]
[EventDate "2013.10.30"]
[EventType "swiss"]
[EventRounds "9"]
[EventCountry "PAN"]
[SourceTitle "EXT 2014"]
[Source "ChessBase"]
[SourceDate "2013.11.20"]
[SourceVersion "1"]
[SourceVersionDate "2013.11.20"]
[SourceQuality "1"]

1. e4 c5 2. Nf3 Nc6 3. Bb5 g6 4. 0-0 Bg7 5. Re1 e5 6. Nc3 Nge7 7. a3 0-0 8. d3 h6 9. Nd5 a6 10. Bc4 b5 11. Ba2 d6 12. c3 Bb7 13. b4 Nxd5 14. Bxd5 Qe7 15. Be3 Rac8 16. Qb3 Kh8 17. a4 cxb4 18. axb5 axb5 19. cxb4 Nd4 20. Nxd4 exd4 21. Bd2 Qd7 22. h3 Rc7 23. Bxb7 Rxb7 24. Ra6 Ra7 1/2-1/2